00340nam a2200121Ia 4500008004100000082001600041100002100057245003300078260003400111365000700145630003300152730003300185100415s9999 xx 000 0 und d b9972a589.1 aMisra Arunkumar aLichens : A Preliminary Text aNEW DELHIc1978bOXFORD & IBH b25 aLichens : A Preliminary Text aLichens : A Preliminary Text